Nubie : splendeur sauvée /

محفوظ في:

المؤلف الرئيسي: Fouchet, Max-Pol (مؤلف)

التنسيق: كتاب

اللغة: French

منشور في: [Lausanne] : Clairefontaine, c1965.

الموضوعات:

الوسوم: إضافة وسم

لا توجد وسوم, كن أول من يضع وسما على هذه التسجيلة!

رقم الطلب: DT135 .N8 F759 1965

LEADER 00711namaa2200229 4500
001 14156
003 OSt
005 20250520115802.0
008 130303s1965 sz abe 000 0 fre d
040 |c ARCE Library 
043 |a f-ua--- 
050 4 |a DT135 .N8 F759 1965 
100 1 |a Fouchet, Max-Pol,  |e author  |9 30180 
245 1 0 |a Nubie :  |b splendeur sauvée /  |c Max-Pol Fouchet. Photographies de lʹAuteur. 
264 1 |a [Lausanne] :   |b Clairefontaine,   |c c1965. 
300 |a 268 pages :   |b illustrations (some color), maps, plans ;   |c 25 cm. 
651 0 |a Nubia   |x Antiquities. 
651 0 |a Nubia   |x Description and travel. 
651 0 |a Nubians   |z Egypt.  |9 17905 
901 |a reviewed 
942 |c BK  |2 lcc 
999 |c 13425  |d 13425